| 000 -CABECERA |
| Longitud fija campo de control |
00708nam a2200205 a 4500 |
| 001 - NÚMERO DE CONTROL |
| Número de control |
598 |
| 003 - IDENTIFICADOR DEL NÚMERO DE CONTROL |
| Identificador del número de control |
CDMR |
| 005 - FECHA Y HORA DE LA ÚLTIMA TRANSACCIÓN |
| Fecha y hora de la última transacción |
20151016134202.0 |
| 008 - CÓDIGOS DE INFORMACIÓN DE LONGITUD FIJA |
| Códigos de información de longitud fija |
130130s1997||||||||||||||||||||||||||||d |
| 040 ## - FUENTE DE LA CATALOGACIÓN |
| Centro catalogador de origen |
CDMR |
| Lengua de catalogación |
cat |
| Centro transcriptor |
CPC LLEIDA |
| 110 2# - PUNTO DE ACCESO PRINCIPAL-NOMBRE DE ENTIDAD CORPORATIVA |
| 9 (RLIN) |
446 |
| Nombre de entidad corporativa o nombre de jurisdicción como elemento inicial |
Televisió de Catalunya |
| 245 10 - MENCIÓN DE TÍTULO |
| Título |
Criteris lingüístics sobre la traducció i el doblatge |
| Mención de responsabilidad, etc. |
a cura de la Comissió de Normalització Lingüística de TVC ; presentació de Francesc Vallverdú |
| 260 ## - PUBLICACIÓN, DISTRIBUCIÓN, ETC. (PIE DE IMPRENTA) |
| Lugar de publicación, distribución, etc. |
Barcelona |
| Fecha de publicación, distribución, etc. |
1997 |
| Nombre del editor, distribuidor, etc. |
Edicions 62 |
| 300 ## - DESCRIPCIÓN FÍSICA |
| Extensión |
229 p. |
| 490 0# - MENCIÓN DE SERIE |
| Mención de serie |
Pràctiques lingüístiques |
| Designación de volumen o secuencia |
2 |
| 650 04 - PUNTO DE ACCESO ADICIONAL DE MATERIA - TÉRMINO DE MATERIA |
| 9 (RLIN) |
3328 |
| Término de materia o nombre geográfico como elemento inicial |
Català |
| Subdivisión de forma |
Ús |
| 610 4# - PUNTO DE ACCESO ADICIONAL DE MATERIA - NOMBRE DE ENTIDAD CORPORATIVA |
| 9 (RLIN) |
446 |
| Nombre de entidad corporativa o nombre de jurisdicción como elemento inicial |
Televisió de Catalunya |
| Subdivisión de forma |
Manuals d'estil |
| 700 1# - PUNTO DE ACCESO ADICIONAL - NOMBRE DE PERSONA |
| 9 (RLIN) |
3389 |
| Nombre de persona |
Vallverdú, Francesc |
| Término indicativo de función |
pr. |
| 942 ## - ENTRADA DE ELEMENTOS AGREGADOS (KOHA) |
| Koha [por defecto] tipo de item |
Monografies |
| Fuente de clasificaión o esquema |
|